[Event "TCh-RUS"]
[Site "Sochi RUS"]
[Date "2005.04.19"]
[Round "1"]
[White "Alekseev,Evgeny"]
[Black "Morozevich,A"]
[Result "1/2-1/2"]
[WhiteElo "2597"]
[BlackElo "2717"]
[EventDate "2005.04.19"]

1. e4 d6 2. d4 Nf6 3. Nc3 g6 4. g3 c6 5. Bg2 Bg7 6. a4 Qa5 7. Nge2 d5 8. e5
Ne4 9. O-O Nxc3 10. Nxc3 h5 11. Bg5 Bf5 12. Qd2 Na6 13. Rfe1 Qd8 14. Nd1
Qd7 15. Ne3 Be6 16. h4 Nc7 17. Qb4 Na6 18. Qa3 Nc7 19. Rad1 Bh6 20. Bxh6
Rxh6 21. b3 O-O-O 22. c4 Kb8 23. cxd5 Bxd5 24. Nxd5 cxd5 25. Qc1 Rhh8 26.
Qf4 e6 27. Rc1 Na6 28. Bf1 Nb4 29. Qd2 a5 30. Rc5 b6 31. Bb5 Qe7 32. Rc3
1/2-1/2

[Event "TCh-RUS"]
[Site "Sochi RUS"]
[Date "2005.04.20"]
[Round "2"]
[White "Lastin,A"]
[Black "Akopian,Vl"]
[Result "1/2-1/2"]
[WhiteElo "2590"]
[BlackElo "2703"]
[EventDate "2005.04.19"]

1. d4 Nf6 2. c4 e6 3. g3 c5 4. d5 exd5 5. cxd5 d6 6. Bg2 g6 7. Nc3 Bg7 8.
Nf3 O-O 9. O-O Re8 10. Bf4 a6 11. a4 Nh5 12. Bg5 Qb6 13. Qc2 Nd7 14. e4 Qc7
15. Nd2 Rb8 16. a5 b5 17. axb6 Rxb6 18. Be3 Ne5 19. h3 f5 20. Rae1 Rb4 21.
b3 Qb8 22. Kh2 c4 23. Rb1 cxb3 24. Rxb3 Rxb3 25. Nxb3 Nc4 26. Bd4 f4 27.
Bxg7 fxg3+ 28. Kh1 Kxg7 29. Ne2 Qb4 30. Rc1 Ne5 31. f4 Nf7 32. Nbd4 Bd7 33.
Rb1 Qa3 34. Qc7 Qd3 35. Rf1 Rxe4 36. Qxd7 Rxd4 37. Nxd4 Qxd4 38. Qg4 Nh6
39. Qd7+ Nf7 40. Qg4 Qe3 41. Qe6 Qc3 42. Qe2 a5 43. f5 Ne5 44. fxg6 hxg6
45. Qa6 Qc7 46. Ra1 Nf4 47. Qxa5 Qc2 48. Qa2 Qf5 49. Qa7+ Kh6 50. Qe3 Ned3
51. Qxg3 Nxg2 52. Kxg2 Nf4+ 53. Kh2 Qc2+ 54. Kh1 Qe4+ 55. Kh2 Ne2 56. Qxd6
Qf3 57. Rg1 Nxg1 58. Kxg1 Qd1+ 1/2-1/2